| 000 | 00659nam a22002057a 4500 | ||
|---|---|---|---|
| 999 |
_c10324 _d10324 |
||
| 003 | AR-CdUCM | ||
| 008 | 190329b ||||| |||| 00| 0 spa d | ||
| 040 |
_aMUNICIPALIDAD PROVINCIAL DEL CUSCO _cBIBLIOTECA MUNICIPAL DEL CUSCO |
||
| 082 |
_a322.4 / _bL92 / 1909 |
||
| 100 |
_aLuben, D. _927125 |
||
| 245 | _aEl catolicismo y sus luchas con el estado / | ||
| 260 |
_aBuenos Aires : _bMaucci, _c1909. |
||
| 300 |
_a208 páginas ; _c19 cm. |
||
| 505 | _aContenido : La persecución delos judíos -- La santa inquisición ... | ||
| 650 |
_aInquisición _93501 |
||
| 650 |
_aCatolicismo _92175 |
||
| 650 |
_aEstado _9738 |
||
| 942 |
_2ddc _cLIBROS |
||
| 945 | _arah | ||